Central Library and Information Centre
Sibsagar Girls' College, Sivasagar : Assam

THE 3 MISTAKES OF MY LIFE : A STORY ABOUT BUSINESS, CRICKET AND RELIGION (Record no. 30792)

MARC details
000 -LEADER
fixed length control field 00379nam a22001457a 4500
005 - DATE AND TIME OF LATEST TRANSACTION
control field 20240328075056.0
008 - FIXED-LENGTH DATA ELEMENTS--GENERAL INFORMATION
fixed length control field 240328b |||||||| |||| 00| 0 eng d
040 ## - CATALOGING SOURCE
Transcribing agency
100 ## - MAIN ENTRY--PERSONAL NAME
Personal name BHAGAT, CHETAN
245 ## - TITLE STATEMENT
Title THE 3 MISTAKES OF MY LIFE : A STORY ABOUT BUSINESS, CRICKET AND RELIGION
250 ## - EDITION STATEMENT
Edition statement 79TH
260 ## - PUBLICATION, DISTRIBUTION, ETC.
Name of publisher, distributor, etc. RUPA,NEW DELHI
Date of publication, distribution, etc. 2010
300 ## - PHYSICAL DESCRIPTION
Extent 257:P
942 ## - ADDED ENTRY ELEMENTS (KOHA)
Source of classification or shelving scheme Dewey Decimal Classification
Koha item type Books
Holdings
Withdrawn status Lost status Source of classification or shelving scheme Damaged status Not for loan Collection code Home library Current library Date acquired Total Checkouts Barcode Date last seen Price effective from Koha item type Public note
    Dewey Decimal Classification     General Reference Central Library and Information Centre Sibsagar Girls College Central Library and Information Centre Sibsagar Girls College 09.09.2010   25588 28.03.2024 28.03.2024 Books V


Sibsagar Girl's College © 2020. All rights reserved.
Powered by Koha.
Maintained by Abhijit Borpuzari.